Statystyki dla Z czego słynie dane miasto?

Kliknij tutaj aby rozwiązać quiz!

Ogólne statystyki

  • Ten quiz został rozwiązany 115 razy
  • Średni wynik to 4 z 11

Statystyki odpowiedzi

WojewództwoZ czego słynie?% Poprawnych
KrakówZabytki/Wisła/Maczety/Smog/Wawel
87%
WarszawaStolica/Słoiki/Pieniądze/Metro/Syrenka
82%
GnieznoKról/Stolica/Zamek
61%
ToruńMikołaj Kopernik/Pierniczki
44%
GdańskPort/Solidarność/Strajki/Statki/Stocznie/Żuraw
43%
RadomBieda/Lotnisko/Bloki/Zakłady pracy
25%
KielceMajonez/Korona Kielce/Liroy/Przystanki
21%
BiałystokPodlasie/Zacofanie/Piękno
20%
SosnowiecZacofanie/Starość/Bieda/Nędza/Ubóstwo/Beznadzieja
18%
LublinKino/Trolejbus/Cebularz/Karnawał Sztukmistrzów
9%
Zielona Góra5 Sposobów na/Koronawirus/Pożary
4%

Rozkład punktacji

Percentyl według liczby udzielonych odpowiedzi

Procent ludzi z każdym wynikiem

Twoja historia wyników

Nie rozwiązałeś tego quizu